La gestión moderna en recursos humanos (Registro nro. 34801)

Detalles MARC
000 -CABECERA
Longitud fija campo de control 01382nam a22002297a 4500
003 - IDENTIFICADOR DELl NÚMERO DE CONTROL
Identificador del número de control OSt
005 - FECHA Y HORA DE LA ÚLTIMA TRANSACCIÓN
Fecha y hora de la última transacción 20240322191250.0
008 - CÓDIGOS DE INFORMACIÓN DE LONGITUD FIJA
Códigos de información de longitud fija 240322b ||||| |||| 00| 0 eng d
020 ## - NÚMERO INTERNACIONAL NORMALIZADO PARA LIBROS
Número Internacional Normalizado para Libros (ISBN) 978-950-23-2013-7
040 ## - FUENTE DE LA CATALOGACIÓN
Centro transcriptor BCRI
082 ## - NÚMERO DE LA CLASIFICACIÓN DECIMAL DEWEY
Númeroo de clasificación 658.3
245 ## - MENCIÓN DE TÍTULO
Título La gestión moderna en recursos humanos
Mención de responsabilidad, etc. coordinadores Juan Carlos Ayala y Luis Pérez van Morlegan
250 ## - MENCIÓN DE EDICIÓN
Mención de edición 1a ed. 3a reimp.
260 ## - PUBLICACIÓN, DISTRIBUCIÓN, ETC. (PIE DE IMPRENTA)
Lugar de publicación, distribución, etc. Buenos Aires, Argentina
Nombre del editor, distribuidor, etc. Eudeba
Fecha de publicación, distribución, etc. 2019
300 ## - DESCRIPCIÓN FÍSICA
Extensión 476 p.
Otras características físicas il.
Dimensiones 24 cm.
500 ## - NOTA GENERAL
Nota general Incluye referencias bibliográficas al final de cada capítulo
505 ## - NOTA DE CONTENIDO CON FORMATO
Nota de contenido con formato I. El sistema y la estructura de RRHH -- II. Conflicto y negociación -- III. La negociación colectiva en el Derecho Colectivo de Trabajo -- IV. Las relaciones laborales -- V. Derecho laboral aplicado -- VI. Seguridad e higiene en el trabajo -- VII. Inventario de recursos humanos y precarización laboral -- VIII. Remuneraciones. Compensación total -- IX. Diseño, análisis y evaluación de puesto -- X. Liquidación de sueldo y jornales -- XI. El proceso de selección de personal --XII. Capacitación -- XIII. Desarrollo de carreras -- XIV. Evaluación de desempeño y evaluación de potencial -- XV. Estrés, burn out y mobbing.
650 #0 - PUNTO DE ACCESO ADICIONAL DE MATERIA - TÉRMINO DE MATERIA
9 (RLIN) 5702
Término de materia o nombre geográfico como elemento inicial Gestión de recursos humanos
700 ## - PUNTO DE ACCESO ADICIONAL - NOMBRE DE PERSONA
9 (RLIN) 48291
Nombre de persona Ayala, Juan Carlos
700 ## - PUNTO DE ACCESO ADICIONAL - NOMBRE DE PERSONA
9 (RLIN) 48292
Nombre de persona Pérez van Morlegan, Luis
942 ## - ENTRADA DE ELEMENTOS AGREGADOS (KOHA)
Fuente de clasificaión o esquema Dewey Decimal Classification
Koha [por defecto] tipo de item 1- Monografias
Parte de clasificación prozim
Existencias
Suprimido Perdido Fuente de clasificación o esquema Estropeado Restricciones de uso No para préstamo Código de colección Localización permanente Localización actual Localización en estanter&íacute;as Fecha adquisición Fuente de adquisición Número de inventario Préstamos totales Signatura completa Código de barras Fecha última consulta Fecha del precio de reemplazo Tipo de item de Koha
NULL NULL Dewey Decimal Classification NULL Prestable NULL NULL Biblioteca Centro Regional de Ilobasco Biblioteca Centro Regional de Ilobasco Sala Principal 22/03/2024 Compra $80.00 LI005823   658.3 GES 1051499 22/03/2024 22/03/2024 1- Monografias
NULL NULL Dewey Decimal Classification NULL Prestable NULL NULL Biblioteca Centro Regional de Ilobasco Biblioteca Centro Regional de Ilobasco Sala Principal 22/03/2024 Compra $80.00 LI005824   658.3 GES 1051500 22/03/2024 22/03/2024 1- Monografias
NULL NULL Dewey Decimal Classification NULL Prestable NULL NULL Biblioteca Centro Regional de Ilobasco Biblioteca Centro Regional de Ilobasco Sala Principal 22/03/2024 Compra $80.00 LI005825   658.3 GES 1051501 22/03/2024 22/03/2024 1- Monografias